О применимости функции распределения прочности бетона для оценки технического состояния строительных материалов; Ресурсоэффективным технологиям - энергию и энтузиазм молодых

Bibliographic Details
Parent link:Ресурсоэффективным технологиям - энергию и энтузиазм молодых.— 2015.— [С. 324-347]
Corporate Author: Национальный исследовательский Томский политехнический университет (ТПУ) Институт неразрушающего контроля (ИНК) Кафедра физических методов и приборов контроля качества (ФМПК)
Other Authors: Осипов С. П. Сергей Павлович (научный руководитель), Подшивалов И. И., Жантыбаев А. А., Абашкин А. Д.
Summary:Заглавие с титульного экрана
Language:Russian
Published: 2015
Series:Неразрушающий контроль и диагностика в производственной и социальной сферах
Subjects:
Online Access:http://earchive.tpu.ru/handle/11683/19438
http://www.lib.tpu.ru/fulltext/c/2015/C08/095.pdf
Format: Electronic Book Chapter
KOHA link:https://koha.lib.tpu.ru/cgi-bin/koha/opac-detail.pl?biblionumber=612355

MARC

LEADER 00000naa2a2200000 4500
001 612355
005 20231220145420.0
035 |a (RuTPU)RU\TPU\conf\10476 
035 |a RU\TPU\conf\10468 
090 |a 612355 
100 |a 20150611d2015 k y0rusy50 ca 
101 0 |a rus 
102 |a RU 
105 |a y z 101zy 
135 |a drgn ---uucaa 
181 0 |a i  
182 0 |a b 
200 1 |a О применимости функции распределения прочности бетона для оценки технического состояния строительных материалов  |f С. П. Осипов, И. И. Подшивалов, А. А. Жантыбаев, А. Д. Абашкин  |g науч. рук. С. П. Осипов 
203 |a Текст  |c электронный 
225 1 |a Неразрушающий контроль и диагностика в производственной и социальной сферах 
300 |a Заглавие с титульного экрана 
320 |a [Библиогр.: с. 347 (11 назв.)] 
337 |a Adobe Reader 
463 0 |0 (RuTPU)RU\TPU\conf\10353  |t Ресурсоэффективным технологиям - энергию и энтузиазм молодых  |o сборник научных трудов VI Всероссийской конференции, г. Томск, 22-24 апреля 2015 г.  |f Национальный исследовательский Томский политехнический университет (ТПУ)   |v [С. 324-347]  |d 2015 
610 1 |a труды учёных ТПУ 
610 1 |a электронный ресурс 
610 1 |a прочность 
610 1 |a бетоны 
610 1 |a техническое состояние 
610 1 |a строительные материалы 
701 1 |a Осипов  |b С. П.  |c специалист в области неразрушающего контроля  |c ведущий научный сотрудник Томского политехнического университета, кандидат технических наук   |f 1958-  |g Сергей Павлович  |3 (RuTPU)RU\TPU\pers\33974  |9 17547 
701 1 |a Подшивалов  |b И. И. 
701 1 |a Жантыбаев  |b А. А. 
701 1 |a Абашкин  |b А. Д. 
702 1 |a Осипов  |b С. П.  |c специалист в области неразрушающего контроля  |c ведущий научный сотрудник Томского политехнического университета, кандидат технических наук   |f 1958-  |g Сергей Павлович  |4 727 
712 0 2 |a Национальный исследовательский Томский политехнический университет (ТПУ)  |b Институт неразрушающего контроля (ИНК)  |b Кафедра физических методов и приборов контроля качества (ФМПК)  |3 (RuTPU)RU\TPU\col\18709 
801 2 |a RU  |b 63413507  |c 20210119  |g RCR 
856 4 |u http://earchive.tpu.ru/handle/11683/19438 
856 4 |u http://www.lib.tpu.ru/fulltext/c/2015/C08/095.pdf 
942 |c BK